00571 2200217 4500001002100000005001500021035002000036007000300056008004100059020001800100082001100118084001700129100002100146245007300167250001100240260003100251300002600282650002300308990001000331990001200341INLIS00000000000814320210412110124 a0010-0421000287ta210412 g 0 ind  a9789790993303 a658.15 a658.15 FAR m0 aFarah Margaretha1 aManajemen Keuangan :bUntuk Manajer Non keuangan /cFarah Margaretha aCet. 1 aJakarta :bErlangga,c2011 a160 hlm :b. ;c25 cm 4aMANAJEMEN KEUANGAN a13657 a13657 a